000 00680nam a22002057a 4500
003 OSt
005 20250829080052.0
008 250829b |||||||| |||| 00| 0 eng d
020 _a978-621-406-103-7
040 _aDWC-Main Lib
_cOC
082 _aFil. 150.151 P974 2021
100 _aLambojon, Francisco M. Jr.
245 _aPsychological statistics/
_cFrancisco M. Lambojon Jr.
260 _aManila, Philippines :
_bMindshapers Co. Inc.,
_cc2021.
300 _aviii, 268 pages :
_billustrations ;
_c25cm.
504 _aIncludes bibliographical references.
650 _a1. Psychology ---Statistical methods.
650 _a2. Psychometrics.
942 _2ddc
_cBK - FIL
_kFil.
_n0
999 _c4361
_d4361